| 000 | 01097nam a22002897a 4500 | ||
|---|---|---|---|
| 003 | DO-SdBNP | ||
| 005 | 20180119130808.0 | ||
| 008 | 151120b 1984 mx xxu||||| |||| 00| 0 spa d | ||
| 040 |
_aBPMSU _bspa _cBPMSU |
||
| 100 | 1 | _4Ravaglioli, Fabrizio | |
| 240 | 1 | 0 |
_aProfilo delle teorie moderne dell' educazione. _lEspañol |
| 245 | 1 | 0 |
_aPerfil de la teoría moderna de la educación : _bLa educación en Latinoamerica : mito y realidad / _cFabrizio Ravaglioli, Alberto L. Merani ; traducción Daniel Scipione. |
| 260 |
_aMéxico : _bGrijalbo, _c1984. |
||
| 300 |
_a203 p. ; _c22 cm. |
||
| 490 | 1 | _3Pedagógica | |
| 490 | 1 | _aCompendio de la ciencia de la educación | |
| 563 | _aDos obras encuadernadas juntas con paginación continua. | ||
| 700 | 1 | 2 | _aMerani, Alberto L. |
| 700 | 1 | 2 |
_aScipione, Daniel, _etr. |
| 740 | 0 | 2 | _aLa educación en Latinoamerica : mito y realidad. |
| 830 | 0 | _aPedagógica | |
| 830 | 0 | _aCompendio de la ciencia de la educación | |
| 910 | _a00260 | ||
| 942 |
_2ddc _cBK |
||
| 945 | _aInventariado, 2018/MFF | ||
| 956 |
_aLorenza Pérez _b10 _c20151120 _iBPMSU |
||
| 999 |
_c8838 _d8838 |
||